Finish the statements, Bee Gees - Statistics

General Stats
  • This quiz has been taken 3 times
  • The average score is 7 of 15
Answer Stats
Hint Answer % Correct
The brothers names are Robin, Barry and ___ Gibb. Maurice
100%
___ and ___ were twins. Robin And Maurice
100%
They released "Bee Gees 1st in___. 1967
67%
Bee Gees produced ___ songs that hit number 1 on billboard hot 100. 9
67%
...And they were born in___. Isle Of Man
67%
Their most sold album is___. Saturday Night Fever
67%
Their most played song is___. Stayin' Alive
67%
In 1987 they released the album E.S.P, which produced their tenth most streamed song on Spotify:___ You Win Again
67%
The brothers began their career playing on a TV-show in___. Australia
33%
...They were Tragedy, Too much heaven and___. Love You Inside Out
33%
Their first ever recording in England was___. New York Mining Disaster 1941
33%
...3 of which came from the album ___. Spirits Having Flown
33%
The first song that hit number 1 in the Usa in 1971 was___. How Can You Mend A Broken Heart
0%
Their manager was___. Robert Stigwood
0%
In 2001 they released their last album:___ This Is Where I Came In
0%
No matching quizzes found
Score Distribution
Percent of People with Each Score
Percentile by Number Answered
Your Score History
You have not taken this quiz